Statistics for Movie Deaths

Click here to take the quiz!

General Stats

  • This quiz has been taken 37 times
  • The average score is 7 of 15

Answer Stats

Answer% Correct
Psycho
96%
The Shining
93%
Die Hard
75%
Raiders of the Lost Ark
68%
Star Wars: The Phantom Menace
68%
Star Wars: The Return of the Jedi
64%
Lord of the Rings: The Return of the King
61%
The Godfather
43%
Spider Man
39%
Terminator 2: Judgement Day
29%
Final Destination
21%
Mission Impossible: Fallout
21%
Friday the 13th: The Final Chapter
7%
Nightmare Before Christmas
7%
The Usual Suspects
4%

Score Distribution

Percentile by Number Answered

Percent of People with Each Score

Your Score History

You have not taken this quiz